Paediatric Dentistry (Record no. 22719)

MARC details
000 -LEADER
fixed length control field 00414nam a22001697a 4500
003 - CONTROL NUMBER IDENTIFIER
control field SGT
020 ## - INTERNATIONAL STANDARD BOOK NUMBER
International Standard Book Number 9788131256893
082 ## - DEWEY DECIMAL CLASSIFICATION NUMBER
Classification number 617.645
Item number P19N
100 ## - MAIN ENTRY--PERSONAL NAME
Personal name Nowak, Arthur J.
245 ## - TITLE STATEMENT
Title Paediatric Dentistry
Remainder of title infancy through adolescence
250 ## - EDITION STATEMENT
Edition statement 6th South Asia
260 ## - PUBLICATION, DISTRIBUTION, ETC. (IMPRINT)
Name of publisher, distributor, etc Elsevier
Year of Publication 2019
300 ## - PAGE DESCRIPTION
No. of Pages 634
650 ## - SUBJECT ADDED ENTRY--TOPICAL TERM
Topical term or geographic name as entry element Paediatric Dentistry
653 ## - KEYWORDS--INDEX TERM
Keyword term Paediatric Dentistry
942 ## - ADDED ENTRY ELEMENTS (KOHA)
Source of classification or shelving scheme Dewey Decimal Classification
Koha item type Books
942 ## - ADDED ENTRY ELEMENTS (KOHA)
-- 9
Holdings
Withdrawn status Lost status Source of classification or shelving scheme Damaged status Not for loan Home library Current library Date acquired Vendor Name Cost, normal purchase price SGTU Bill Number Total Checkouts Full call number Accession No. (Barcode) Date last seen Date last borrowed Bill Date Koha item type
    Dewey Decimal Classification     SGT Dental Library SGT Dental Library 11/05/2022 Ahuja Book Co. Pvt. Ltd. 2790.00 SGTU 14353 6 617.645 P19N FD8676 04/08/2025 14/07/2025 16/04/2022 Books
    Dewey Decimal Classification     SGT Dental Library SGT Dental Library 11/05/2022 Ahuja Book Co. Pvt. Ltd. 2790.00 SGTU 14353 7 617.645 P19N FD8677 20/08/2025 05/08/2025 16/04/2022 Books